Statistics for All Nations to Ever be Represented in a Europa Conference League Final

Click here to take the quiz!

General Stats

  • This quiz has been taken 26 times
  • The average score is 19 of 26

Answer Stats

# of Times
Represented
Answer% Correct
5England
100%
13Italy
100%
7Netherlands
96%
2Portugal
96%
2Argentina
92%
5Brazil
92%
3France
92%
1Poland
92%
1Spain
92%
2Norway
88%
1Sweden
83%
1Germany
75%
2Serbia
75%
1Austria
71%
1Nigeria
71%
1Uruguay
71%
1Colombia
67%
2Morocco
67%
3Czechia
63%
1Turkey
63%
1Algeria
54%
1Armenia
46%
1Iran
46%
1Ivory Coast
38%
1Jamaica
38%
1Uzbekistan
21%

Score Distribution

Percentile by Number Answered

Percent of People with Each Score

Your Score History

You have not taken this quiz